header

The holocaust sites of Europe (Record no. 239065)

MARC details
000 -LEADER
fixed length control field 01331nam a2200349Ia 4500
082 04 - DEWEY DECIMAL CLASSIFICATION NUMBER
Classification number 940.5318
100 1# - MAIN ENTRY--AUTHOR NAME
Personal name Winstone, Martin.
245 14 - TITLE STATEMENT
Title The holocaust sites of Europe
260 ## - PUBLICATION, DISTRIBUTION, ETC. (IMPRINT)
Place of publication London :
Name of publisher I. B. Tauris,
Year of publication 2010.
300 ## - PHYSICAL DESCRIPTION
Number of Pages xi, 438 p. :
Other physical details ill., maps.
650 #0 - SUBJECT ADDED ENTRY--TOPICAL TERM
Topical Term Holocaust, Jewish (1939-1945)
Topical Term Concentration camps
Topical Term Jewish ghettos
Topical Term Holocaust memorials
856 40 - ELECTRONIC LOCATION AND ACCESS
Uniform Resource Identifier http://site.ebrary.com/lib/rucke/Doc?id=10424568

No items available.

© 2026 Rongo University
Contact us: librarian | system librarian | Rongo university